Живая память. Т. 3 (Запись № 13460611)

Подробности
000 -МАРКЕР
контрольное поле 01188nam2a2200241 4500
001 - ИДЕНТИФИКАТОР ЗАПИСИ
контрольное поле RU\NLR\BIBL_A\010954136
005 - ИДЕНТИФИКАТОР ВЕРСИИ
контрольное поле 20250810083444.0
035 ## - ДРУГИЕ СИСТЕМНЫЕ НОМЕРА
Идентификатор записи (NLR Aleph) 010954136
100 ## - ДАННЫЕ ОБЩЕЙ ОБРАБОТКИ
Данные общей обработки 20160120d2015 u y0rusy50 ca
101 0# - ЯЗЫК РЕСУРСА
Язык текста, звукозаписи и т.д. русский
102 ## - СТРАНА ПУБЛИКАЦИИ ИЛИ ПРОИЗВОДСТВА
Страна публикации Российская Федерация
105 ## - ПОЛЕ КОДИРОВАННЫХ ДАННЫХ: ТЕКСТОВЫЕ МАТЕРИАЛЫ, МОНОГРАФИЧЕСКИЕ
Кодированные данные о монографическом текстовом документе ach z 001yy
200 0# - ЗАГЛАВИЕ И СВЕДЕНИЯ ОБ ОТВЕТСТВЕННОСТИ
Основное заглавие Т. 3
210 ## - ПУБЛИКАЦИЯ, РАСПРОСТРАНЕНИЕ И ДР.
Дата издания, распространения и т.д. 2015
215 ## - ФИЗИЧЕСКАЯ ХАРАКТЕРИСТИКА
Специфическое обозначение материала и объем 223 с.
Другие сведения о физической характеристике ил., цв. ил., портр., факс.
320 ## - ПРИМЕЧАНИЯ О НАЛИЧИИ В ДОКУМЕНТЕ БИБЛИОГРАФИИ / УКАЗАТЕЛЯ
Текст примечания Библиогр.: с. 220
320 ## - ПРИМЕЧАНИЯ О НАЛИЧИИ В ДОКУМЕНТЕ БИБЛИОГРАФИИ / УКАЗАТЕЛЯ
Текст примечания Алф. указ. имен: с. 221
461 #0 - УРОВЕНЬ НАБОРА
Встроенное поле 001RU\NLR\bibl\2058046
-- 2001#$aЖивая память$eжители муниципального округа № 21 о войне, блокаде, Победе$fМуницип. округ № 21, г. С.-Петербург$g[отв. ред. Мария Синькова]$vТ. 3
Системный номер (АБИС) связанной записи 4613590
Место публикации Санкт-Петербург
Дата публикации 2013
Первые сведения об ответственности Муницип. округ N 21, г. С.-Петербург
Имя издателя, распространителя и т.д. Муниципальный округ N 21
Сведения, относящиеся к заглавию жители муниципального округа № 21 о войне, блокаде, Победе
Заглавие Живая память
Номер тома Т. 3
942 ## - ДОПОЛНИТЕЛЬНЫЕ ЭЛЕМЕНТЫ ЗАПИСИ (АБИС)
Тип экземпляра АБИС Книга
980 ## - КОЛЛЕКЦИЯ
Название коллекции Национальная библиография

Нет доступных экземпляров.